00400nam a2200145Ia 4500008004100000020001500041041000800056082001800064100004000082245006600122250000600188260003900194300001200233650000900245210716s2001 xx 000 0 und d a8178082896 aeng a004.6004 BRAJ aBray, Jennifer; Sturman, Charles F. aBluetooth: concepts without cables.bConcepts without cables. a1 aNew DelhibPearson Educationc2001 axix,493 aNone